Star Wars Quiz-Difficile - Statistiques

Statistiques générales
  • Ce quiz a été pris 21 fois
  • Le résultat moyen est 5 sur 15
Statistiques - réponses
Description Réponse % Correct
Qui a dit cette phrase : « Chewie… nous sommes de retour. » Han Solo
67%
Créature ailée et avare qui possèdait Anakin et supervise les courses de pods Watto
67%
Commandante du Premier Ordre en armure argentée qui était la cheffe de Finn Captain Phasma
61%
Nom de la tante adoptive de Luke Beru Whitesun Lars
56%
Petite créature, ancienne alliée de Han Solo, propriétaire d’un bar rempli d’artefacts. Maz Kanata :
56%
Chef du peuple Gungan sur Naboo, il autorise Jar Jar Binks à aider les Jedi Boss Nass
44%
Chasseuse de primes métamorphe engagée pour assassiner Padmé Zam Wesell
44%
Nom de Stormtrooper de Finn FN-2187
33%
Ex-stormtrooper qui charge à dos d’orbak sur Exegol Jannah
22%
Commandante de la Résistance qui prend la direction de la résistance lorsque Leia était hors de combat et se sacrifie pour sauver la flotte Vice-Amiral Holdo
22%
Copilote de Lando sur l'Etoile de la Mort II Nien Nunb
17%
Pilote masquée, ancienne amie Poe. C'est une alliée de la Résistance Zorii Bliss
17%
Habitants du désert de Pasaana qui célèbrent un festival qui n'a lieu que tous les 42 ans Aki-Aki
6%
Planète luxueuse connue pour ses casinos et ses courses de créatures, où Finn et Rose vont chercher un hacker dans la ville de Canto Bight. Cantonica
6%
Vaisseau de Dark Maul dans La Menace Fantôme Sith Infiltrator
6%
Aucun quiz correspondant
Distribution des résultats
% des personnes avec chaque résultat
Percentile par nombre de réponses
Votre historique - résultats
Vous n’avez pas pris ce quiz